| 000 | 00000nam 2200000zi 4500 |
| 001 | 9.877175 |
| 003 | CaOODSP |
| 005 | 20241203113650 |
| 006 | m o d f |
| 007 | cr bn||||||||| |
| 008 | 190730s1994 onca ob f000 0 eng d |
| 040 | |aCaOODSP|beng|erda|cCaOODSP |
| 043 | |an-cn-on |
| 086 | 1 |aEn13-5/94-43E-PDF |
| 100 | 1 |aCoakley, J. P. |q(John Phillip), |d1940- |eauthor. |
| 245 | 10|aTrace metals and selected elements in surficial sediments from Hamilton Harbour / |cJ.P. Coakley, D.J. Poulton, and W.A. Morris. |
| 264 | 1|aBurlington, ON : |bNational Water Research Institute = Institut national de recherche sur les eaux, |c[1994] |
| 300 | |a1 online resource (16 pages, 24 unnumbered pages) : |billustrations. |
| 336 | |atext|btxt|2rdacontent |
| 337 | |acomputer|bc|2rdamedia |
| 338 | |aonline resource|bcr|2rdacarrier |
| 490 | 1 |aNWRI contribution ; |vno. 94-43 |
| 500 | |aDigitized edition from print [produced by Environment and Climate Change Canada]. |
| 504 | |aIncludes bibliographical references (pages 15-16). |
| 692 | 07|2gccst|aLakes |
| 692 | 07|2gccst|aSediments |
| 692 | 07|2gccst|aPollutants |
| 700 | 1 |aPoulton, D. J., |eauthor. |
| 700 | 1 |aMorris, W. A. |q(William Adrian), |d1948- |eauthor. |
| 710 | 1 |aCanada. |bEnvironment Canada. |
| 710 | 2 |aNational Water Research Institute (Canada). |bAquatic Ecosystem Restoration Branch. |
| 710 | 1 |aOntario. |bMinistry of Environment and Energy. |bScience and Technology Branch. |
| 710 | 2 |aMcMaster University. |bDepartment of Geology. |
| 710 | 2 |aNational Water Research Institute (Canada) |
| 830 | #0|aNWRI contribution ;|vno. 94-43.|w(CaOODSP)9.844121 |
| 856 | 40|qPDF|s3.66 MB|uhttps://publications.gc.ca/collections/collection_2019/eccc/en13-5/En13-5-94-43-eng.pdf |